000 00734nam a2200253Ia 4500
003 OSt
005 20220918185212.0
006 a|||||r|||| 00| 0
007 ta
008 220917b |||||||| |||| 00| 0 eng d
024 _a50,087
037 _cTextual
040 _aARTS
_cARTS
_beng
041 _2eng
_aeng
082 _aP:(D65,8(B)f, L8
100 _aDe Kock Josse
_968216
245 0 _aMorpheme
_b an experiment in quantiative and computational linguistics Assen
260 _aAmsterdam
_bVan Gorcum
_c1978
300 _a203p.
_ccm.
650 _aLINGUISTICS
700 _a Bossaert Walter
_968217
942 _hP:(D65,8(B)f, L8
_cTEXL
_2CC
999 _c179686
_d179686